000 00540nmm a2200169Ia 4500
008 251105s9999||||xx |||||||||||||||||und||
020 _a9786071604477
041 _aspa
100 _aSouza y Machorro, Mario
245 0 _aPsiquiatría de las adicciones :
_b Guía para profesionales de la salud
264 _a[México D.C., Mexico] :
_bFondo de Cultura Económica,
_c2016
300 _a1035 páginas
490 _aBiblioteca de la Salud
650 _aMedicine
856 _uhttps://public.digitaliapublishing.com/a/43593
942 _cCF
999 _c75402
_d75402